La militarización del espacio cósmico por parte de los Estados Unidos /

Guardat en:
Dades bibliogràfiques
Autor principal: Coro Antich, Arnaldo
Altres autors: Díaz Cardoso, César
Format: Text
Publicat: Habana: Movimiento Cubano por la Paz y la Soberanía de los Pueblos
Etiquetes: Afegir etiqueta
Sense etiquetes, Sigues el primer a etiquetar aquest registre!

MARC

LEADER 00000 a a2200000 04500
001 22871
003
040
090 |a 156900  
100 |a Coro Antich, Arnaldo  
245 |a La militarización del espacio cósmico por parte de los Estados Unidos /  |c Arnaldo Coro Antich 
260 |a Habana:   |b Movimiento Cubano por la Paz y la Soberanía de los Pueblos  
300 |a 41 p.  
700 |a Díaz Cardoso, César  
999 |c 7354  |d 7354